Introduction to numerical analysis /

Guardado en:
Autor Principal: Stoer, Josef.
Otros Autores: Bulirsch, Roland.
Formato: Libro
Idioma:English
German
Publicado: New York : Springer-Verlag, c1980.
Materias:
Etiquetas: Agregar Etiqueta
Sin Etiquetas, Sea el primero en etiquetar este registro!
LEADER 00946cam a2200277 a 4500
001 MAT.inmabb005963
008 790329s1980####nyua#####b####001#0#eng##
005 20130325234742.0
245 1 0 |a Introduction to numerical analysis /  |c J. Stoer, R. Bulirsch ; translated by R. Bartels, W. Gautschi, and C. Witzgall. 
260 |a New York :  |b Springer-Verlag,  |c c1980. 
300 |a ix, 609 p. :  |b il. ;  |c 25 cm. 
500 |a Traducción de: Einführung in die Numerische Mathematik. 
504 |a Incluye referencias bibliográficas. 
500 |a Incluye índice. 
510 4 |a MR,  |c 83d:65003 
020 |a 0387904204 
020 |a 3540904204 
100 1 |a Stoer, Josef. 
240 1 0 |a Einführung in die Numerische Mathematik.  |l Inglés 
700 1 |a Bulirsch, Roland. 
650 0 |a Numerical analysis. 
084 |a 65-01  |2 msc2000 
010 |a  79014629  
040 |a DLC  |c DLC  |d DLC 
041 1 |a eng  |h ger 
859 |h 65  |i St872  |p A-5132  |b BIB. MATEMATICA